01017pam a2200301 a 45000010008000000030004000080050017000120080041000290100017000700200015000870400017001020500021001190820017001401000029001572450124001862500012003102600048003223000036003704400067004065040039004736500033005126500031005457000031005767000028006079060045006359420018006809990017006982894033OSt20211214114634.0870224s1988 maua b 001 0 eng  a 87005397  a0871501236 aDLCcHUdDLC00aQA278b.K58 198800a519.5/352191 aKleinbaum, David G.994910aApplied regression analysis and other multivariable methods /cDavid G. Kleinbaum, Lawrence L. Kupper, Keith E. Muller. a2nd ed. aBoston, Mass. :bPWS-Kent Pub. Co.,cc1988. axviii, 718 p. :bill. ;c25 cm. 4aThe Duxbury series in statistics and decision sciences.922923 aIncludes bibliographies and index. 0aMultivariate analysis.93579 0aRegression analysis.969111 aKupper, Lawrence L.9229241 aMuller, Keith E.922925 a7bcbccorignewd1eocipf19gy-gencatlg 2ddccBOOKSn0 c22514d22514